[Event "TUR-ch"]
[Site "Istanbul"]
[Date "2006.03.18"]
[Round "8"]
[White "Haznedaroglu, Kivanc"]
[Black "Atalik, Suat"]
[Result "1/2-1/2"]
[WhiteElo "2438"]
[BlackElo "2618"]
[Annotator "Atalik,S"]
[PlyCount "88"]
[EventDate "2006.03.11"]
[EventType "tourn"]
[EventRounds "13"]
[EventCountry "TUR"]
[EventCategory "4"]
[SourceTitle "CBM 111 Extra"]
[Source "ChessBase"]
[SourceDate "2006.05.09"]
[SourceVersion "1"]
[SourceVersionDate "2006.05.09"]
[SourceQuality "1"]

1. e4 e5 2. Nf3 Nc6 3. Bc4 d6 $5 {I had enough with common lines in Giuccio
Piano.Recently I have seen a game Graf has beaten the Berlin Neukoln captain
with the text!} 4. O-O {Well Kivanc improved a lot but he plays too positional
sometimes.} (4. d4 $142 $1 {is the real test of black's opening strategy.} Bg4
(4... Be7 $16) 5. c3 Qd7 $13 (5... Qf6 6. Qb3 Nge7 7. Ng5 (7. Qxb7 $2 Rb8 8.
Qxc7 Rc8 9. Qb7 Rb8 $11) 7... Nd8 $14)) (4. c3 Be7 5. Qb3 (5. d4 Nf6) 5... Nh6
6. d4 O-O 7. Bxh6 gxh6 $13) 4... g6 5. d4 (5. c3 Bg7 6. d4 Qe7 $13 (6... exd4
$6 7. cxd4 Nge7 8. Nc3 O-O 9. h3 $16)) 5... exd4 6. Bg5 (6. Nxd4 Bg7) 6... Qd7
$5 (6... Be7 7. Bxe7 Ngxe7 8. Nxd4 O-O 9. Nc3 Nxd4 10. Qxd4 Nc6 11. Qe3 Be6 $11
) 7. Nxd4 Bg7 8. c3 $1 (8. Nxc6 bxc6) 8... Nf6 9. Nxc6 {I have thought that
his idea} ({is} 9. Bb5 a6 (9... O-O 10. Bxf6 Bxf6 11. Qa4 Rb8 12. Nxc6 bxc6 13.
Bxc6 Qg4 14. Qc2) 10. Qa4 axb5 11. Qxa8 Nxd4 12. cxd4 Nxe4 13. Be3 (13. Re1 O-O
14. Rxe4 Qf5 15. Nc3 Qxg5 $44) 13... O-O 14. Nc3 Nxc3 15. bxc3 Qc6 16. Qa5 Be6
$44) 9... bxc6 10. Qd4 Nh5 (10... c5 11. Qd2 (11. Bxf6 $2 {is too good to be
true.} cxd4 12. Bxg7 Rg8 13. Bxd4 Bb7 14. Nd2 O-O-O $17) 11... O-O 12. f3 $14)
11. Qd2 O-O 12. Na3 Bb7 13. Rad1 Rae8 14. f3 Qc8 15. Qf2 c5 16. Qh4 h6 17. Bc1
Bf6 (17... Qd8 $2 18. Qxd8 Rxd8 19. Nb5 Rd7 (19... Ba6 20. a4) 20. Nxa7 c6 21.
Be3 Rfd8 22. b4 Ba8 23. bxc5 $16) 18. Qf2 Kh7 (18... Bg7 $5 {is not in my
style.}) 19. Nc2 Ba6 20. Qe2 Bb7 ({Neither} 20... Bxc4 21. Qxc4 Bg7 22. Ne3 Nf4
$14) 21. Qf2 Bg7 22. Ne3 Nf6 23. Qh4 Re5 24. Rfe1 Rh5 25. Qf2 Re5 26. Bb3 Re7
27. Nc4 Nd7 28. Qh4 Ree8 29. Qh3 $2 (29. Ba4 Re6 $14 {and white would have
kept his edge.}) 29... Nb6 30. Qxc8 Bxc8 31. Ne3 (31. Nxb6 axb6 $11) 31... Be6
32. Nd5 $6 {I have thought that he loses a pawn with that but in deed the game
immediately ends as a draw.} c4 33. Bc2 Bxd5 (33... Nxd5 34. exd5 Bxd5 35. Rxe8
Rxe8 36. Ba4 Re6 37. Rxd5 Re1+ 38. Kf2 Rxc1 39. Rd1 Rxd1 40. Bxd1 $11) 34. exd5
Nxd5 (34... Rxe1+ 35. Rxe1 Nxd5 36. Re4 (36. Ba4 $2 Bf6 37. Bb5 Nb6 38. Be3 Rb8
$17) 36... Nb6 37. Re7 Nd5 $11) 35. Rxe8 Rxe8 36. Ba4 Re5 37. f4 Re7 38. Rxd5
Re1+ 39. Kf2 Rxc1 40. Rd1 $11 {Black can not keep the rooks so the game is
practically finished here.} Rxd1 41. Bxd1 d5 42. Ke3 c5 43. Bf3 d4+ 44. Kd2
dxc3+ 1/2-1/2

[Event "Plovdiv"]
[Site "Plovdiv"]
[Date "1986.??.??"]
[Round "10"]
[White "Ivanovic, Bozidar"]
[Black "Inkiov, Ventzislav"]
[Result "1-0"]
[WhiteElo "2490"]
[BlackElo "2465"]
[Annotator "Bulletin"]
[PlyCount "75"]
[EventDate "1986.06.24"]
[EventType "tourn"]
[EventRounds "11"]
[EventCountry "BUL"]
[EventCategory "10"]
[SourceTitle "EXT 2000"]
[Source "ChessBase"]
[SourceDate "1999.11.16"]
[SourceVersion "1"]
[SourceVersionDate "1999.11.16"]
[SourceQuality "1"]

1. e4 e5 2. Nf3 Nc6 3. Bc4 Bc5 4. Nc3 d6 5. d3 Nf6 6. Bg5 Na5 7. Nd5 Nxc4 8.
dxc4 c6 9. Nxf6+ gxf6 10. Bh4 Rg8 11. O-O Bh3 12. Bg3 Be6 13. Qe2 Qe7 14. Nh4 (
14. c3 $5 f5 15. exf5 Bxf5 16. b4 Bb6 17. c5) 14... O-O-O 15. Kh1 d5 16. cxd5
cxd5 17. f4 dxe4 18. Qxe4 Rd4 19. Qxh7 Qd8 20. c3 Rd2 21. fxe5 Rh8 22. Qe4 (22.
Qg7 Rxh4 23. Bxh4 Bh3 24. Bf2 $18) 22... f5 23. Qf4 Qd3 24. Rf3 Qc2 25. b4 Bb6
26. Raf1 Re2 27. Rc1 (27. Nxf5 $5 $16) 27... Qxa2 28. Rd1 $2 Re4 $15 29. Qg5
Qe2 30. Rff1 $2 (30. Rfd3) 30... Rg4 $19 31. Qe7 Rgxh4 (31... f4 $142) 32. Bxh4
Rg8 $6 (32... Bd5 $5) 33. Rg1 f4 34. Qf6 $4 (34. Rde1 Qh5 35. Ref1 Bxg1 $11)
34... Qe4 $4 (34... Bh3 $1 $19) 35. Bg5 Bd5 36. c4 Bd8 37. Qd6 Qxc4 38. Rxd5
1-0

[Event "SUI-chT"]
[Site "Switzerland"]
[Date "1996.??.??"]
[Round "6"]
[White "Godena, Michele"]
[Black "Vezzosi, Paolo"]
[Result "1-0"]
[WhiteElo "2550"]
[BlackElo "2310"]
[Annotator "Bulletin"]
[PlyCount "87"]
[EventDate "1996.??.??"]
[EventType "team-tourn"]
[EventRounds "9"]
[EventCountry "SUI"]
[SourceTitle "CBM 055 Extra"]
[Source "ChessBase"]
[SourceDate "1997.01.01"]
[SourceVersion "1"]
[SourceVersionDate "1997.01.01"]
[SourceQuality "1"]

1. e4 e5 2. Nf3 Nc6 3. Bc4 Bc5 4. d3 Nf6 5. Nc3 d6 6. Bg5 h6 7. Bxf6 Qxf6 8.
Nd5 Qd8 9. c3 a6 10. d4 Ba7 11. dxe5 dxe5 12. Qe2 Be6 13. O-O-O Qc8 14. Rd2 b5
15. Bb3 Qb7 16. Rhd1 Bc5 17. Ne3 Bxb3 18. axb3 Bxe3 19. Qxe3 O-O 20. Rd5 f6 21.
Nh4 Ne7 22. Rd7 Rf7 23. Qf3 Qc6 24. Qg4 Re8 25. b4 Ref8 {[#]} 26. Rxe7 $1 Rxe7
27. Nf5 Rfe8 28. Rd8 $1 Kh7 29. Nxe7 Rxe7 30. Qf5+ g6 31. Qc8 g5 32. Rh8+ Kg6
33. Qf5+ Kg7 34. Rh7+ Kf8 35. Rh8+ Kf7 36. Rh7+ Kf8 37. Rxh6 Rf7 38. Rh8+ Ke7
39. Qc8 Qd7 40. Qa8 g4 41. Qg8 Kd6 42. h3 gxh3 43. Rxh3 Kc6 44. Qa8+ (44. Qa8+
Kb6 45. Rh8) 1-0

[Event "Biel Suri Memorial"]
[Site "Biel"]
[Date "2014.07.15"]
[Round "2"]
[White "Harikrishna, Pentala"]
[Black "Giri, Anish"]
[Result "1-0"]
[WhiteElo "2726"]
[BlackElo "2750"]
[Annotator "CB"]
[PlyCount "81"]
[EventDate "2014.07.14"]
[EventType "tourn"]
[EventRounds "10"]
[EventCountry "SUI"]
[EventCategory "19"]
[SourceTitle "CBM 162"]
[Source "ChessBase"]
[SourceDate "2014.09.17"]
[SourceVersion "1"]
[SourceVersionDate "2014.09.17"]
[SourceQuality "1"]

{The Indian player Pentala Harikrishna seemed to overextend a little out of
the opening against Anish Giri. The Dutch player however seemed to be content
with a draw and offered a repetition... but Harikrishna would have none of
that! He refused a draw in a position that really held no advantage to him,
but was still very complex. Giri gradually fell under time pressure and in a
critical decision he moved his rook in the wrong direction which resulted in
catastrophe for his undefended king. Harikrishna came in and swept the full
point with a powerful attack.} 1. e4 e5 2. Nf3 Nc6 3. Bc4 Bc5 4. Nc3 Nf6 5. d3
d6 6. Bg5 h6 7. Bxf6 Qxf6 8. Nd5 Qd8 9. c3 a6 10. d4 exd4 11. cxd4 Ba7 12. Rc1
O-O 13. Bxa6 Re8 14. O-O Rxe4 15. Bd3 Re8 16. Bb5 Be6 17. Ne3 Bd7 18. Nd5 Be6
19. Ne3 Bd7 20. Bc4 (20. Nd5 $11) 20... Rf8 21. Re1 Ne7 22. Qd3 c6 23. Bb3 b5
24. h3 Bb6 25. Bc2 f5 26. g4 g6 27. gxf5 Nxf5 28. Nxf5 gxf5 29. Bb3+ Kh7 30.
Be6 Rf6 31. d5 cxd5 32. Bxd5 Rg6+ 33. Kh1 Rc8 34. Rxc8 Qxc8 35. Nd4 Qf8 36. Ne6
Qf6 37. Qf3 Rg8 38. Nf4 Rc8 $2 (38... Rg5 {kept Giri alive.}) 39. Qh5 Bd8 40.
Rg1 Be7 41. Rg6 1-0

[Event "Tbilisi 4teams friendly"]
[Site "Tbilisi"]
[Date "1980.??.??"]
[Round "?"]
[White "Yudasin, Leonid"]
[Black "Sturua, Zurab"]
[Result "0-1"]
[WhiteElo "2340"]
[BlackElo "2410"]
[Annotator "Gufeld,E/Nesis,G"]
[PlyCount "58"]
[EventDate "1980.??.??"]
[EventType "team"]
[EventRounds "1"]
[EventCountry "URS"]
[SourceTitle "EXT 2014"]
[Source "ChessBase"]
[SourceDate "2013.11.20"]
[SourceVersion "1"]
[SourceVersionDate "2013.11.20"]
[SourceQuality "1"]

{(Leningrad-Georgia)} 1. e4 e5 2. Nf3 Nc6 3. Bc4 Be7 4. d4 d6 5. O-O Bg4 6. h3
Bh5 7. c3 Nf6 8. d5 Nb8 9. Bd3 Nbd7 10. Be3 $5 Bg6 11. Qc2 O-O 12. c4 Nxe4 $1
13. Bxe4 f5 14. Bd3 e4 15. Bxe4 fxe4 16. Nd4 Nc5 17. b4 Nd3 18. Ne6 Qd7 19.
Nxf8 Rxf8 20. a3 Rf3 $1 21. Nc3 (21. Qe2 Bh5 22. Nd2 Qf5 {[%cal Gf3h3]}) (21.
Nd2 Rxh3 22. gxh3 Qxh3) 21... Rxh3 22. gxh3 Qxh3 23. f3 exf3 $1 $19 24. Rf2 $19
(24. Qh2 Qg4+ 25. Kh1 Bf6 $1 26. Rg1 Qf5 $17) 24... Bh4 25. Rh2 Qg4+ 26. Kh1 (
26. Kf1 Ne5 {[%cal Gg6d3]} (26... Nxb4 $145 27. Rxh4 Bd3+ 28. Qxd3 Qg2+ 29. Ke1
Nxd3+ 30. Kd1 f2) 27. Rxh4 Qxh4 28. Qf2 Qh3+ 29. Kg1 Ng4) 26... f2 27. Qd1 Be4+
28. Nxe4 Qxe4+ 29. Rg2 Ne1 0-1

[Event "Stuttgart-ch op"]
[Site "Ditzingen"]
[Date "2009.05.22"]
[Round "5"]
[White "Luther, Thomas"]
[Black "Ovsejevitsch, Sergei"]
[Result "1/2-1/2"]
[WhiteElo "2537"]
[BlackElo "2580"]
[Annotator "Gutman,L"]
[PlyCount "82"]
[EventDate "2009.05.21"]
[EventType "swiss"]
[EventRounds "7"]
[EventCountry "GER"]
[SourceTitle "EXT 2010"]
[Source "ChessBase"]
[SourceDate "2010.11.25"]
[SourceVersion "1"]
[SourceVersionDate "2010.11.25"]
[SourceQuality "1"]

1. e4 e5 2. Nf3 Nc6 3. Bc4 Bc5 4. O-O Nf6 5. d4 {"Diese Spielart wurde zuerst
von Max Lange (Schazeitung 1853 und 1859) erörtert", Bilguer.} Bxd4 {Michail
Marin, Beating the Open Games, Quality Chess 2007, folgt Wilhelm Steinitz, The
Modern Chess Instructor, 1895, und empfehlt als weniger riskant} (5... exd4 6.
e5 d5 7. exf6 dxc4 {mit Übergang zum Max Lange Angriff. Sowohl der
Max-Lange-Angriff, als auch das Max-Lange-Gambit wurden von mir in Kaissiber
22 und 23, 2006, ausführlich analysiert, und dieses Material hat John Emms in
"Dangerous Weapons: 1.e4 e5" für seine Arbeit genutzt.}) 6. Nxd4 Nxd4 7. f4 d6
8. fxe5 dxe5 9. Bg5 Be6 10. Na3 $5 {"Ist nach Anderssen zu empfehlen",
Savielly Tartakower, die Hypermoderne Schachpartie, 1925. "Der Springer soll
nach Abtausch des Läufers c4 über e3 nach d5 oder f5 geführt werden. Weiß will
auf diese Art unter Verzicht auf den Rückgewinn des Bauern die schwarze
Stellung eingeengt halten", Hermann von Gottschal, Adolf Anderssen, Der
Altmeister deutscher Schachkunst.} Qe7 11. c3 Bxc4 ({In Movsesian-Adams, Wijk
aan Zee 2009, folgte} 11... Nc6) 12. Bxf6 $1 ({Falsch wäre} 12. Nxc4 Ne6 13.
Bxf6 {wegen} Qc5+ 14. Kh1 Qxc4 15. Bxe5 O-O {mit gutem Spiel für Schwarz,
Jones-Rey, Canberra 2009.}) 12... gxf6 13. Nxc4 Qc5 ({Als Hauptfortsetzung gilt
} 13... Ne6) 14. cxd4 Qxc4 15. Rc1 $1 {Eine Empfehlung von Karoly Honfi.
Weniger leistet} (15. dxe5 Rd8 $1 ({Dies ist stärker als} 15... fxe5 16. Rc1 {
, Emms,} Qe6 17. Qh5 O-O 18. Rf3 c6 19. Rh3 h6 20. Rf1 $14 {mit Plus für Weiß})
16. Qg4 Qd4+ 17. Rf2 Qxe5 18. Raf1 Qg5 19. Qh3 (19. Qxg5 fxg5 20. Rxf7 Rd7 21.
Rxd7 Kxd7 22. Rf7+ Kd6 23. Kf2 {, Andrei Kovaliov,} Re8 24. Ke3 Re7 $11) 19...
Qc5 20. Qg4 (20. Qg3 Rd6 21. Qg7 Rf8) 20... Qg5 $11 {Tigran-Petrosian- Chadaev,
Moscow Aeroflot Open 2009}) 15... Qxd4+ 16. Qxd4 exd4 17. Rxc7 O-O 18. Rxf6
Rae8 ({In Chenicek-Bayer, Klatovy 1995, folgte} 18... d3 {, wonach} 19. Kf2
Rad8 20. Ke1 Rde8 21. Kd2 Rxe4 22. Kxd3 Rb4 23. b3 $16 {Vorteil versprach.})
19. Rf4 b6 20. Rxa7 Rc8 21. h3 ({Dies ist nicht übel, doch direkter erscheint} 
21. e5 Rc2 22. Rg4+ Kh8 23. Rxd4 Rxb2 24. Rdd7 Re2 25. Re7 Kg8 26. h3 $16 {
mit Vorteil.}) 21... Rc2 22. Rf2 Rxf2 23. Kxf2 Rc8 24. b3 Rc2+ 25. Kf3 Rc3+ 26.
Kf4 ({Und hier} 26. Ke2 $5 Re3+ 27. Kd2 Rg3 28. Ra6 Rxg2+ 29. Kd3 b5 30. Kxd4
$16) 26... Rc2 27. g4 Rf2+ 28. Ke5 d3 29. Rd7 d2 30. Rd3 Kg7 31. Kd4 Rh2 32. b4
Kf6 33. a4 Ke6 34. Kc3 ({Stark war} 34. g5 $1 $16) 34... Rxh3 35. Kxd2 Rh4 36.
Rg3 $2 ({Der letzte Fehler, wobei nach} 36. Rd5 Rxg4 37. Rb5 Rxe4 38. Rxb6+ Kd7
39. Kc3 $16 {Weiß immer noch gute Gewinnchancen hatte}) 36... Ke5 37. Kd3 h5
38. gxh5 f5 39. h6 fxe4+ 40. Ke3 Rxh6 41. Rg5+ Kd6 1/2-1/2

[Event "DEN-ch"]
[Site "Esbjerg"]
[Date "1997.03.22"]
[Round "1"]
[White "Larsen, Bent"]
[Black "Ochsner, Thomas"]
[Result "1-0"]
[WhiteElo "2520"]
[BlackElo "2300"]
[Annotator "Hecht,H"]
[PlyCount "107"]
[EventDate "1997.03.22"]
[EventType "tourn"]
[EventRounds "9"]
[EventCountry "DEN"]
[EventCategory "10"]
[SourceTitle "CBM 060"]
[Source "ChessBase"]
[SourceDate "1997.09.29"]
[SourceVersion "1"]
[SourceVersionDate "1997.09.29"]
[SourceQuality "1"]

1. e4 e5 2. Nc3 Nf6 3. Nf3 Nc6 4. Bc4 Bc5 5. d3 d6 6. Bg5 Na5 7. Bb3 c6 (7...
h6 {Fritz 5.00 (100s)} 8. Be3 Bb4 9. Ba4+ c6 10. Bd2 O-O 11. O-O b5 12. Bb3 Bg4
13. h3 Nxb3 14. axb3 Bxc3 15. bxc3 Bh5 16. b4 d5 17. Be3 a5 18. bxa5 Rxa5 19.
Rxa5 Qxa5 20. Qa1 Qc7 21. Nd2 Bg6 22. f3 {1/2-1/2 Appleberry,M-Lukacs,P/
Budapest FS06 GM 1996/EXP 52}) 8. O-O (8. d4 {Fritz 5.00 (100s)} Nxb3 9. axb3
exd4 10. Nxd4 h6 11. Bh4 O-O 12. O-O g5 13. Bg3 Re8 14. Re1 d5 15. e5 Ne4 16.
Qd3 Nxg3 17. hxg3 Bxd4 {Morozevich,A-Georgiev,K/Tilburg 1994/CBM 44/1/2-1/2 
(96)}) 8... O-O (8... Nxb3 {Fritz 5.00 (100s)} 9. axb3 Bb6 10. Nd2 O-O 11. Nc4
Bc7 12. f4 exf4 13. Bxf4 Ng4 14. Qf3 Ne5 15. Qg3 f6 16. d4 Nxc4 17. bxc4 Rf7
18. Rad1 {Schlindwein,R-Bittner,T/Ladenburg MA 1992/GER 04/1-0 (56)}) 9. Ne2
Nxb3 10. axb3 h6 11. Be3 Bb6 12. Ng3 Be6 13. Qd2 Kh7 14. Bxb6 Qxb6 15. d4 exd4
16. Nxd4 Rfe8 17. Rfe1 g6 18. Rad1 Kg7 19. h4 Re7 20. Ndf5+ Bxf5 (20... gxf5 {
Fritz 5.00 (100s)} 21. Qc3 Qd8 22. Nh5+ Kf8 23. Qxf6 $18) 21. exf5 Rae8 22.
Rxe7 Rxe7 23. fxg6 fxg6 24. h5 Nxh5 $2 (24... d5 $142) 25. Qc3+ Kh7 26. Nxh5
gxh5 27. Rxd6 Qb5 28. Rxh6+ Kxh6 29. Qf6+ Kh7 30. Qxe7+ {[#] Hecht Nach
kleiner Kombi Gewinn eines Bauern, der Weiß nach der Abseitsstellung der
schwarzen Dame nach a1 leicht gemacht wird. Technik.} Kg6 31. Qe3 Qa5 32. Kh2
Qa1 $2 33. Qe6+ Kg7 34. Qd7+ Kf8 35. Qc8+ Ke7 36. Qxb7+ Kd6 37. Qb4+ Kd5 38.
Qc4+ Kd6 39. Qd4+ Kc7 40. b4 Kb7 41. c4 Qc1 42. b5 cxb5 43. Qd7+ Kb6 44. Qxb5+
Kc7 45. Qc5+ Kb7 46. b4 Qf4+ 47. g3 Qg4 48. b5 Qe2 49. Qd5+ Kb8 50. Kg2 Qe8 51.
Qd3 Kc7 52. Qe3 Qa8+ 53. f3 a6 54. bxa6 1-0

[Event "Elgoibar 08th"]
[Site "Elgoibar"]
[Date "1998.11.22"]
[Round "2"]
[White "Vallejo Pons, Francisco"]
[Black "Korneev, Oleg"]
[Result "0-1"]
[WhiteElo "2450"]
[BlackElo "2600"]
[Annotator "Hecht,H"]
[PlyCount "90"]
[EventDate "1998.11.11"]
[EventType "tourn"]
[EventRounds "9"]
[EventCountry "ESP"]
[EventCategory "10"]
[SourceTitle "CBM 069"]
[Source "ChessBase"]
[SourceDate "1999.04.01"]
[SourceVersion "1"]
[SourceVersionDate "1999.04.01"]
[SourceQuality "1"]

1. e4 e5 2. Nf3 Nc6 3. Bc4 Bc5 4. d3 Nf6 5. Nc3 h6 6. Bb3 d6 7. h3 a6 8. Be3
Be6 9. d4 Bxb3 10. axb3 Bb4 11. d5 Ne7 12. Qd3 Nd7 13. O-O-O O-O 14. g4 Ng6 15.
g5 Nc5 16. Qc4 Bxc3 17. Bxc5 dxc5 18. Qxc3 hxg5 19. Qxc5 a5 20. c3 a4 21. b4 a3
22. b3 Qf6 23. Qe3 Nf4 24. Kc2 c6 25. d6 Rfd8 26. d7 a2 27. Kb2 a1=Q+ 28. Rxa1
Rxa1 29. Rxa1 Rxd7 30. Ne1 g6 31. Kc2 Kg7 32. Rd1 Rxd1 33. Kxd1 Qe6 34. c4 Nxh3
35. Nd3 Nf4 36. Nxf4 gxf4 37. Qc5 Qd7+ 38. Ke2 Qd4 39. Qxd4 exd4 {[#]
Gewinnmerkmale für Schwarz: Entwertete weiße Bauernmajorität am Damenflügel.
Ideeller schwarzer Mehrbauer nach Fall des Bd4. Entfernter schwarzer Freibauer.
} 40. Kd3 (40. f3 g5 41. Kd3 g4 42. Kxd4 g3 $19) 40... g5 41. Kxd4 (41. f3 g4
42. fxg4 f3 $19) 41... g4 {[%cal Yg7f6,Yf6e6,Yf7f5]} 42. e5 Kg6 43. Ke4 Kg5 44.
b5 cxb5 45. cxb5 b6 (45... b6 46. b4 f3 $19) 0-1

[Event "Reykjavik Olafsson"]
[Site "Reykjavik"]
[Date "1995.??.??"]
[Round "6"]
[White "Larsen, Bent"]
[Black "Gretarsson, Helgi Ass"]
[Result "1-0"]
[WhiteElo "2515"]
[BlackElo "2440"]
[Annotator "Hecht,H"]
[PlyCount "91"]
[EventDate "1995.09.??"]
[EventType "tourn"]
[EventRounds "11"]
[EventCountry "ISL"]
[EventCategory "11"]
[SourceTitle "CBM 049"]
[Source "ChessBase"]
[SourceDate "1995.12.01"]
[SourceVersion "1"]
[SourceVersionDate "1995.12.01"]
[SourceQuality "1"]

1. e4 e5 2. Nc3 Nf6 3. Nf3 Nc6 4. Bc4 Bc5 5. d3 d6 6. Bg5 h6 7. Be3 Bb6 8. O-O
Be6 9. Bxe6 fxe6 10. Bxb6 axb6 11. d4 exd4 12. Nxd4 Qd7 13. Nxc6 Qxc6 14. Qe2
O-O 15. a4 d5 16. e5 Ne4 17. Nb5 Nc5 18. b3 Rf4 19. f3 Qd7 20. Rad1 Qe7 21. Qe3
Rf7 22. Rd4 Kh7 23. h4 h5 24. g3 g6 25. Kg2 Na6 26. Rf4 Rxf4 27. Qxf4 Rf8 28.
Qg5 Qxg5 29. hxg5 Kg7 30. Kf2 Rf7 31. Ke3 Nb4 32. Nd4 Re7 33. c3 Na6 34. Ra1 c6
35. b4 c5 36. bxc5 bxc5 37. Nb5 Nb8 38. Nd6 Nc6 39. Rb1 Nxe5 40. Rxb7 Nc4+ 41.
Ke2 Rxb7 42. Nxb7 {S-S mit entferntem weißen Freibauer, schwarze
Bauernschwächen, einfach} Kf7 43. a5 Ke7 44. a6 Nb6 45. Nxc5 Kd6 46. Nd3 {xg6}
(46. Nd3 e5 47. a7 Ke6 48. f4 exf4 49. Nxf4+ Kf5 50. Nxd5 Na8 51. c4 Kxg5 52.
c5 Kf5 53. Nb6 $18) 1-0